Segundas oportunidades en materia penal juvenil: la suspensión del proceso a prueba (Registro nro. 6549)

Detalles MARC
000 -Cabecera
Campo de control de longitud fija 00672aam a2200241 4500
005 - Fecha y hora de la última transacción
Campo de control 20260324190613.0
008 - Elementos de longitud fija--Información general
Campo de control de longitud fija 150727b2007 xxu||||| |||| 00| 0 spa d
020 ## - International Standard Book Number
Número Internacional Estándar del Libro (ISBN) 978997705638
041 ## - Idioma
Código de idioma Español
082 ## - Clasificación Decimal Dewey
Número de clasificación 364.36 B957s
100 ## - Entrada principal--Autor personal
Nombre personal Burgos Mata, Álvaro
9 (RLIN) 1161
245 ## - Título propiamente dicho
Título Segundas oportunidades en materia penal juvenil: la suspensión del proceso a prueba
260 ## - Pie de imprenta
Lugar de publicación, distribución, etc. Costa Rica
260 ## - Pie de imprenta
Nombre del editor, distribuidor, etc. Sapiencia
260 ## - Pie de imprenta
Fecha de publicación, distribución, etc. 2007
300 ## - Descripción física
Extensión 144 páginas
490 ## - Serie
Título de la Serie Investigación Criminal
650 ## - Materia general
Temática (materia general) DELINCUENCIA JUVENIL
650 ## - Materia general
Temática (materia general) DERECHO PENAL
650 ## - Materia general
Temática (materia general) PROCESO A PRUEBA
650 ## - Materia general
Temática (materia general) LEY DE JUSTICIA PENAL JUVENIL
942 ## - Punto de acceso adicional KOHA
Tipo de ítem KOHA Libro
Fuente del sistema de clasificación o colocación Dewey Decimal Classification
Existencias
Signatura completa Código de barras Programa Académico Tipo de ítem
364.36 B957s 11816 Investigación Criminal Libro